000 00312nam a22001337a 4500
008 170919b xxu||||| |||| 00| 0 eng d
020 _a9780192842428
041 _aeng
080 _a7
100 _a44
101 _aART
245 _aTHE ART OF ART HISTORY: A CRITICAL ANTHOLOGY
_cPREZIOSI,D
942 _2udc
_cBK
999 _c28305
_d28305